000 00966nam a2200229Ia 4500
003 IN-BaIIA
008 211028s9999 xx 000 0 eng d
040 _cIIA Library
080 _a52(082.2)
_bWOM
111 _aMeeting on the Status of Women in Astronomy
_cMaryland
_d1992 Sept. 8-9
_918351
245 0 _aWomen at work-a meeting on the status of women in astronomy
_bproceedings of a workshop held at the Space Telescope Science Institute, Baltimore, Maryland, September 8-9, 1992
_cedited by M. C. Urry…[et al.]
260 _aMaryland
_bSpace Telescope Science Institute
_c1992
300 _axiii, 207p.
650 _aDemographic of the profession
_918352
650 _aNational perspectives
_918353
650 _aWomen in astronomy
_918354
700 _aDanly, L., ed.
_917142
700 _aGonzaga, S., ed
_918355
700 _aSherbert, L. E., ed.
_918356
700 _aUrry, M. C., ed.
_918357
942 _cBK
999 _c10756
_d10756